| 000 | 02285nam a2200481Ii 4500 | ||
|---|---|---|---|
| 001 | DIGANAGRA0063 | ||
| 003 | NyNyDIG | ||
| 006 | m o d | ||
| 007 | cr ||||||||||| | ||
| 008 | 150401t20102002sp b ob 000 0dspa d | ||
| 035 | _a(OCoLC)991936159 | ||
| 040 |
_aDGITA _beng _erda _epn _cDGITA |
||
| 020 |
_a9788433932693 _q(eBook ; _qePub) |
||
| 020 | _z8433925547 | ||
| 020 | _z9788433925541 | ||
| 043 | _an-mx--- | ||
| 050 | 1 | 4 | _aHV6535.M43 eBook |
| 100 | 1 |
_aGonzález Rodríguez, Sergio, _eauthor. |
|
| 245 | 1 | 0 |
_aHuesos en el desierto / _cSergio González Rodríguez. |
| 250 | _aEdición en formato digital. | ||
| 264 | 1 |
_aBarcelona : _bEditorial Anagrama, _cjunio de 2010. |
|
| 264 | 4 | _c©2002 | |
| 300 |
_a1 online resource : _bmap. |
||
| 336 |
_atext _btxt _2rdacontent |
||
| 337 |
_acomputer _bc _2rdamedia |
||
| 338 |
_aonline resource _bcr _2rdacarrier |
||
| 490 | 1 |
_aCrónicas Anagrama ; _v54 |
|
| 505 | 0 | _aContenido: La dimensión desconocida -- El mapa díficil -- Una muchacha para nunca jamás -- Criminólogos rodantes -- Cuentos crueles -- "¡Arriba el Norte ...!" -- La maldición de la tía bruja -- Baño de sangre en la frontera -- Un superdetective en la dimensión desconocida -- La pequeña holandesa -- Muertas sin fin -- Los motivos del lobo -- Policías bajo sospecha -- La defensa imposible -- La familia feliz -- La ciudadana X -- Campos de algodón -- La vida inconclusa. | |
| 504 | _aIncludes bibliographical references. | ||
| 588 | 0 | _aOnline resource; title from ePub title page (Digitalia, viewed April 20, 2015) | |
| 650 | 0 |
_aSerial murders _zMexico _zCiudad Juárez. |
|
| 650 | 0 |
_aWomen _xCrimes against _zMexico _zCiudad Juárez. |
|
| 650 | 0 |
_aCriminal justice, Administration of _zMexico. |
|
| 650 | 0 |
_aSex crimes _zMexico _zCiudad Juárez. |
|
| 655 | 0 | _aElectronic books. | |
| 791 | 2 |
_aDigitalia (Firm), _edistributor. |
|
| 793 | 0 |
_gDigitalia Hispánica eBook Collection: _aAnagrama |
|
| 776 | 0 | 8 |
_iPrint version: _aGonzález Rodríguez, Sergio. _tHuesos en el desierto. _dBarcelona : Editorial Anagrama, 2002 _z9788433925541 _w(OCoLC)51096950 |
| 830 | 0 |
_aCrónicas Anagrama ; _v54. |
|
| 856 | 4 | 0 |
_3Digitalia Hispánica _uhttps://www.digitaliapublishing.com/a/33054/ |
| 910 | _aPremium Collection: 2016 | ||
| 942 | _cRAA | ||
| 999 |
_c241696 _d241696 |
||